000 00448nam a2200169 i 4500
001 50362
003 ES-MaACL
005 20230906162151.0
007 t|
008 030804s1970 sp ||||1| cat d
100 1 _aCruells, Manuel.
_941767
245 1 3 _aEl 6 d'octubre a Catalunya /
_cManuel Cruells.
250 _a[1ª ed.].
260 _a[Barcelona :
_bPáortic,
_c1970]
300 _a262 p. ;
_c18 cm.
852 _aES-MaACL
_jC-50222
_bR.76174
999 _c50362
_d50362